000 00464nam a2200145Ia 4500
008 100204s9999 xx 000 0 und d
082 _b13165
100 _aपाणंदीकर उषा
245 _aआम्ही लमाण
260 _b"मेहता पब्लिशिंग हाऊस , पुणे"
_c1990
300 _a121
630 _aआम्ही लमाण
730 _aआम्ही लमाण
942 _cBOOK
999 _c457597
_d457594